[Event "Challenge"]
[Site "http://www.queenalice.com/game.php?id=1805750"]
[Date "2023.2.9"]
[Round "-"]
[White "Leanne"]
[Black "iliov2008"]
[Result "1-0"]
[WhiteElo "1343"]
[BlackElo "1420"]

1. e4 e5 2. d4 d6 3. c3 exd4 4. cxd4 Nf6 5. Bg5 h6 6. Bxf6 gxf6 7. Nc3 Nc6 8.
Nf3 Bg4 9. Be2 Bxf3 10. Bxf3 Qe7 11. O-O a5 12. Nd5 Qd7 13. Nxf6+ Kd8 14. Nxd7
Kxd7 15. Bg4+ Ke7 16. d5 Ne5 17. Bh5 Nc4 18. Qd4 Ne5 19. Qd1 Nc4 20. Qe2 b5 21.
b3 Bg7 22. Rae1 Ne5 23. f4 Nd7 24. Qd2 b4 25. Qe3 Nc5 26. e5 dxe5 27. fxe5 Rhd8
28. Qxc5+ Kd7 29. Bxf7 Bf8 30. Qc4 a4 31. e6+ Kd6 32. Qc6+ Ke7 33. Qxc7+ Rd7 34.
exd7# 1-0

[Event "Challenge"]
[Site "http://www.queenalice.com/game.php?id=1805751"]
[Date "2023.2.9"]
[Round "-"]
[White "iliov2008"]
[Black "Leanne"]
[Result "0-1"]
[WhiteElo "1442"]
[BlackElo "1297"]

1. Nc3 Nf6 2. Nf3 d5 3. d3 Nc6 4. Bg5 Qd6 5. Bxf6 Qxf6 6. Nxd5 Qd6 7. c4 Bg4 8.
h3 Be6 9. e4 O-O-O 10. Ng5 Nb4 11. f4 f6 12. Nxe6 Qxe6 13. Nxb4 Qd6 14. a3 e6
15. e5 fxe5 16. fxe5 Qxe5+ 17. Qe2 Qd6 18. Rd1 Qd4 19. Qxe6+ Kb8 20. Nd5 Bc5 21.
Rd2 Rhe8 22. Ne7 Bxe7 23. Re2 Bh4+ 24. Kd2 Qxd3+ 25. Kc1 Qd1# 0-1

[Event "Challenge"]
[Site "http://www.queenalice.com/game.php?id=1806348"]
[Date "2023.2.18"]
[Round "-"]
[White "iliov2008"]
[Black "dejami"]
[Result "1-0"]
[WhiteElo "1354"]
[BlackElo "1694"]

1. e4 e5 2. Nc3 c6 3. Nf3 f6 4. Bc4 Ne7 5. a4 Ng8 6. Bxg8 Rxg8 7. d4 Bd6 8. dxe5
Bxe5 9. Nxe5 fxe5 10. h4 h6 11. f4 Na6 12. fxe5 Nb4 13. Bd2 Na6 14. Qh5+ Ke7 15.
Rf1 g6 16. Qxh6 d5 17. exd5 Ke8 18. Bg5 Qc7 19. Bf4 Bf5 20. dxc6 Qxc6 21. Qh7
Qe6 22. Rd1 Nc5 23. Rd6 Qf7 24. Qxf7+ Kxf7 25. Rf6+ Ke7 26. Nd5+ Kd8 27. Bg5 Kd7
28. Ke2 Ne4 29. Rf7+ Ke6 30. Rxb7 Kxd5 31. Bf4 Nc5 32. Rb5 a6 33. Rb6 Nxa4 34.
Rd6+ Kc4 35. b3+ Kc3 36. bxa4 Kxc2 37. Rd2+ Kc3 38. Rc1+ Kb3 39. Ra1 Rab8 40. e6
Rbe8 41. Kf3 Rxe6 42. Rd6 Kb2 43. Rad1 Rge8 44. Rxe6 Rxe6 45. Rd2+ Kc3 46. g4
Be4+ 47. Kg3 Bc6 48. h5 gxh5 49. gxh5 Bxa4 50. h6 Re8 51. Kg4 Rg8+ 52. Bg5 Bb3
53. Rd7 Bc2 54. Rg7 Rh8 55. Bf6+ Kd2 56. Rd7+ Ke3 57. Bxh8 a5 58. Re7+ Kd3 59.
h7 Kd2 60. Bf6 a4 61. h8=Q a3 62. Qd8+ Kc1 63. Rc7 a2 64. Qa8 Kb1 65. Rb7+ Kc1
66. Qxa2 Kd2 67. Rb2 Kd3 68. Rxc2 1-0

[Event "Challenge"]
[Site "http://www.queenalice.com/game.php?id=1806349"]
[Date "2023.2.18"]
[Round "-"]
[White "dejami"]
[Black "iliov2008"]
[Result "1-0"]
[WhiteElo "1668"]
[BlackElo "1374"]

1. e4 e5 2. Bc4 Nc6 3. Qf3 Nf6 4. c3 a5 5. h3 h5 6. d3 g6 7. Bg5 Be7 8. Bxf6
Bxf6 9. Nd2 d6 10. Ne2 Be6 11. Ng3 h4 12. Ngf1 Bxc4 13. dxc4 Bg5 14. Nb1 f5 15.
Na3 O-O 16. Qd3 fxe4 17. Qxe4 Qf6 18. f3 Rad8 19. Nb5 Bf4 20. Nxc7 Bg3+ 21. Ke2
Rc8 22. Nd5 Bf4 23. Nxf6+ Rxf6 24. Nd2 a4 25. Nb1 Ra8 26. Na3 Ra5 27. Nb5 g5 28.
Nc7 a3 29. b3 Bg3 30. Ne8 Re6 31. Nc7 Rf6 32. Qg4 Rg6 33. Qc8+ Kh7 34. Qxb7 Ne7
35. b4 Ra4 36. Nd5 Rg7 37. Nf6+ Kg6 38. Ne8 Rf7 39. Rad1 Bf4 40. Rxd6+ Kh7 41.
Nf6+ Kg7 42. Nh5+ Kh7 43. Qe4+ Nf5 44. Nf6+ Kg6 45. Ng4+ Kg7 46. Qc6 Nxd6 47.
Qxd6 Raa7 48. Qh6+ Kg8 49. Nf6+ Rxf6 50. Qxf6 Rf7 51. Qg6+ Rg7 52. Qe8+ Kh7 53.
Rd1 e4 54. Qh5+ Kg8 55. Rd8# 1-0

[Event "Challenge"]
[Site "http://www.queenalice.com/game.php?id=1806765"]
[Date "2023.2.24"]
[Round "-"]
[White "iliov2008"]
[Black "dejami"]
[Result "0-1"]
[WhiteElo "1380"]
[BlackElo "1635"]

1. e4 e5 2. Nc3 c6 3. d3 Nf6 4. Bg5 h6 5. Bxf6 Qxf6 6. Nf3 g5 7. h4 g4 8. Nh2 h5
9. a4 Bc5 10. f3 g3 11. d4 Bxd4 12. Ng4 hxg4 13. Be2 gxf3 14. gxf3 Rg8 15. Bf1
g2 16. Bxg2 Rxg2 17. Kf1 Rf2+ 18. Ke1 Rxf3 19. Kd2 Qf4+ 20. Ke1 Bf2+ 21. Ke2
Qe3+ 22. Kf1 Bg3+ 23. Kg2 Qf2+ 24. Kh3 d6# 0-1

[Event "Challenge"]
[Site "http://www.queenalice.com/game.php?id=1806766"]
[Date "2023.2.24"]
[Round "-"]
[White "dejami"]
[Black "iliov2008"]
[Result "1-0"]
[WhiteElo "1641"]
[BlackElo "1386"]

1. e4 Nf6 2. Qf3 e5 3. h3 a5 4. g4 h5 5. g5 Nh7 6. h4 Nc6 7. Bc4 f6 8. g6 Nd4 9.
Qd1 Bc5 10. gxh7 Rxh7 11. c3 Nc6 12. Qf3 d6 13. Qg3 Bg4 14. f3 Bd7 15. Qg6+ Ke7
16. Qf7# 1-0

[Event "Challenge"]
[Site "http://www.queenalice.com/game.php?id=1807103"]
[Date "2023.3.2"]
[Round "-"]
[White "Leanne"]
[Black "iliov2008"]
[Result "1-0"]
[WhiteElo "1434"]
[BlackElo "1401"]

1. e4 e5 2. Nf3 d6 3. Nc3 Bg4 4. h3 Bxf3 5. Qxf3 Nf6 6. Bc4 c6 7. O-O a5 8. b3
h5 9. Be2 d5 10. d3 dxe4 11. dxe4 Qd4 12. Rb1 Bb4 13. Bb2 Qd2 14. Bd3 Bxc3 15.
Bc1 Nxe4 16. Qxe4 Nd7 17. Bxd2 Bxd2 18. Rbd1 Bb4 19. Bc4 b5 20. Be2 f6 21. Qxc6
Rd8 22. Bxb5 Kf7 23. Qd5+ Kg6 24. f4 Nb6 25. Qe4+ f5 26. Qxe5 Rc8 27. c4 Rc5 28.
Qe6+ Kh7 29. Rd6 Rcc8 30. Rxb6 Bc5+ 31. Kh1 Bxb6 32. Qxb6 Ra8 33. Qf2 Rhd8 34.
Rc1 Kg8 35. c5 Rab8 36. Be2 Rd2 37. Qf3 g6 38. c6 Rxa2 39. c7 Rc8 40. Ba6 Rxc7
41. Rxc7 Ra1+ 42. Kh2 Rc1 43. Qa8# 1-0

[Event "Challenge"]
[Site "http://www.queenalice.com/game.php?id=1809995"]
[Date "2023.4.16"]
[Round "-"]
[White "iliov2008"]
[Black "dejami"]
[Result "0-1"]
[WhiteElo "1357"]
[BlackElo "1683"]

1. e4 e5 2. Nf3 Qf6 3. d4 d6 4. dxe5 dxe5 5. Bg5 Qd6 6. Qxd6 cxd6 7. Bb5+ Bd7 8.
Bxd7+ Nxd7 9. Nc3 f6 10. Bh4 g5 11. Bg3 h5 12. a4 h4 13. Nb5 Kd8 14. Bxe5 Nxe5
15. Nxe5 fxe5 16. Rd1 Kd7 17. g3 a6 18. Nc3 Nf6 19. gxh4 Rxh4 20. Rg1 Bh6 21.
Rg2 Nh5 22. Nd5 Rf8 23. Nb6+ Kc6 24. Nc4 Rxe4+ 25. Ne3 Nf4 26. Rg3 d5 27. c3 Kc5
28. f3 Rxe3+ 29. Kf2 Re2+ 30. Kf1 Rxh2 31. Kg1 Rxb2 32. a5 Ne2+ 33. Kf1 Nxg3+
34. Kg1 Ne2+ 35. Kf2 Nxc3+ 36. Ke1 Re2+ 37. Kf1 Rxf3+ 0-1

[Event "Challenge"]
[Site "http://www.queenalice.com/game.php?id=1809996"]
[Date "2023.4.16"]
[Round "-"]
[White "dejami"]
[Black "iliov2008"]
[Result "1-0"]
[WhiteElo "1675"]
[BlackElo "1384"]

1. e4 e5 2. Bc4 Nf6 3. Qf3 Nc6 4. c3 d6 5. h3 g5 6. g4 Na5 7. Bb5+ Bd7 8. Bd3 b6
9. b4 Nc6 10. Bc2 a5 11. b5 Ne7 12. Ba4 h5 13. gxh5 Nxh5 14. d3 Nf4 15. Bxf4
exf4 16. Ne2 Bg7 17. Bb3 Bxb5 18. Na3 a4 19. Bc2 Bc6 20. Qg2 f6 21. Nd4 b5 22.
Ne6 Qd7 23. Nd4 f5 24. Qxg5 Bh6 25. Qh5+ Kd8 26. Rg1 fxe4 27. dxe4 Kc8 28. Qf3
d5 29. e5 Kb7 30. Rb1 Rag8 31. Ke2 Rxg1 32. Rxg1 Ng8 33. Bf5 Qe8 34. Rg6 Ne7 35.
Re6 Qf7 36. Rf6 Qg7 37. Nac2 Nxf5 38. Nxf5 Qxf6 39. exf6 d4 40. Qh5 Be4 41. Nb4
c5 42. Qf7+ Kb6 43. Qe6+ Ka5 44. Qa6# 1-0

[Event "Challenge"]
[Site "http://www.queenalice.com/game.php?id=1812491"]
[Date "2023.5.24"]
[Round "-"]
[White "iliov2008"]
[Black "Aquarebel"]
[Result "0-1"]
[WhiteElo "1370"]
[BlackElo "1434"]

1. e4 e5 2. Bc4 c6 3. Qf3 Nh6 4. d3 g5 5. Nh3 g4 6. Bg5 Qb6 7. Qf6 Rg8 8. Bxh6
Qxb2 9. Qxf7+ Kd8 10. Qxg8 Kc7 11. Ng5 Bxh6 12. Nxh7 Qxa1 13. Ke2 b5 14. Bb3 Qb2
15. Nf6 a5 16. Ne8+ Kb7 17. Qg6 Bf8 18. Qf6 Bb4 19. Qd8 Na6 20. a3 Bc5 21. Qxa5
Bb6 22. Qc3 Qxc3 23. Nxc3 Nc5 24. Nd6+ Kc7 25. Ne8+ Kd8 26. Nf6 Rxa3 27. Nxg4
Ba5 28. Nxe5 Bxc3 29. h4 Bxe5 30. h5 Ra7 31. h6 d5 32. h7 Bh8 33. exd5 Nxb3 34.
cxb3 cxd5 35. Rh5 Bg4+ 36. f3 Bxh5 37. g4 Bg6 38. Kd2 b4 39. f4 Bxh7 40. f5 Bf6
41. Ke3 Ra3 42. Kd2 Rxb3 43. Kc2 Rc3+ 44. Kb2 Rxd3+ 45. Kc2 Rg3 46. Kd2 Rxg4 0-1

[Event "Challenge"]
[Site "http://www.queenalice.com/game.php?id=1816932"]
[Date "2023.7.22"]
[Round "-"]
[White "iliov2008"]
[Black "dejami"]
[Result "0-1"]
[WhiteElo "1380"]
[BlackElo "1740"]

1. e4 e5 2. Nc3 c6 3. d3 h6 4. Nf3 Qf6 5. h4 d6 6. a4 Qe7 7. d4 Bg4 8. dxe5 dxe5
9. Be2 Na6 10. b3 Rd8 11. Nd2 h5 12. Bxg4 hxg4 13. Ba3 Nb4 14. Bxb4 Qxb4 15. Ne2
Qa5 16. c3 Nf6 17. b4 Qc7 18. a5 Nxe4 19. Ra2 g6 20. f3 gxf3 21. gxf3 Nd6 22. f4
exf4 23. Nxf4 Ne4 24. Rc2 Qxf4 25. Qe2 Qg3+ 26. Kd1 Rxh4 27. Rf1 f5 28. Rf3 Qg4
29. Kc1 Bh6 30. Ra2 Bxd2+ 31. Kb1 Rh1+ 32. Kb2 Re1 33. Qc4 Qxf3 34. Qg8+ Kd7 35.
Qf7+ Kc8 36. Qe6+ Kb8 37. Qe7 Qxc3# 0-1

[Event "Challenge"]
[Site "http://www.queenalice.com/game.php?id=1816933"]
[Date "2023.7.22"]
[Round "-"]
[White "dejami"]
[Black "iliov2008"]
[Result "1-0"]
[WhiteElo "1662"]
[BlackElo "1378"]

1. e4 e5 2. Bc4 Nf6 3. Qf3 d5 4. exd5 Bg4 5. Qb3 b6 6. f3 Bf5 7. Nc3 Nbd7 8. Bb5
Bc5 9. Nge2 h5 10. Ng3 Bg6 11. Nce2 a6 12. Bc6 Rb8 13. d4 exd4 14. Nf4 Bd6 15.
Nd3 Bxd3 16. Qxd3 h4 17. Nf5 Rg8 18. Kf2 g6 19. Nxd4 Be5 20. Re1 Qe7 21. Bf4
Bxf4 22. Rxe7+ Kxe7 23. Ne2 Nc5 24. Qd4 Bxh2 25. Qe3+ Kd6 26. c4 Bg3+ 27. Kf1
Be5 28. Rb1 Rh8 29. f4 Ng4 30. Qh3 f5 31. fxe5+ Nxe5 32. b3 b5 33. Rc1 Ned3 34.
Rc3 Ne5 35. Nf4 b4 36. Re3 Ne4 37. Rxe4 fxe4 38. Qe6+ Kc5 39. Qxe5 Rhf8 40. d6+
Kb6 41. dxc7 Rbc8 42. Qd6 g5 43. Bb5+ Kb7 44. Qc6+ Ka7 45. Qxa6# 1-0

[Event "Challenge"]
[Site "http://www.queenalice.com/game.php?id=1819165"]
[Date "2023.8.19"]
[Round "-"]
[White "iliov2008"]
[Black "dejami"]
[Result "0-1"]
[WhiteElo "1373"]
[BlackElo "1724"]

1. e4 e5 2. d3 h6 3. Nc3 Bc5 4. Be3 Bb4 5. a3 Bd6 6. Nf3 g5 7. d4 f6 8. Bb5 c6
9. Bc4 Ne7 10. dxe5 Bxe5 11. Nxe5 fxe5 12. Bc5 Ng6 13. Bd6 Qf6 14. Bxb8 Rxb8 15.
f3 Nf4 16. g3 Nh5 17. g4 Nf4 18. h3 Ng6 19. O-O Nf4 20. Kh2 b5 21. Bb3 h5 22.
gxh5 Rxh5 23. Kg3 Rxh3+ 24. Kg4 d5# 0-1

[Event "Challenge"]
[Site "http://www.queenalice.com/game.php?id=1820602"]
[Date "2023.9.11"]
[Round "-"]
[White "Leanne"]
[Black "iliov2008"]
[Result "0-1"]
[WhiteElo "1492"]
[BlackElo "1359"]

1. d4 d5 2. c4 dxc4 3. e4 Nf6 4. Nc3 e6 5. Bxc4 Bb4 6. e5 Nfd7 7. Nf3 Bxc3+ 8.
bxc3 Nc6 9. Bb5 a6 10. Bxc6 bxc6 11. O-O c5 12. dxc5 Nxc5 13. Qe2 Bb7 14. g3 h5
15. Ba3 Qd5 16. c4 Qc6 17. Bxc5 Qxc5 18. Nd2 h4 19. Nb3 Qb4 20. Qg4 g6 21. f4
Rd8 22. Rac1 hxg3 23. Qxg3 Qa3 24. Qf2 a5 25. Nc5 Ba8 26. Nxe6 fxe6 27. Qg3 Qxa2
28. Qxg6+ Kf8 29. Qf6+ Kg8 30. Qxd8+ Kg7 31. Qe7+ Kg6 32. Qxe6+ Kg7 0-1

[Event "Challenge"]
[Site "http://www.queenalice.com/game.php?id=1820603"]
[Date "2023.9.11"]
[Round "-"]
[White "iliov2008"]
[Black "Leanne"]
[Result "0-1"]
[WhiteElo "1371"]
[BlackElo "1480"]

1. e4 g6 2. Nc3 Bg7 3. Bb5 e5 4. Nf3 Ne7 5. d3 c6 6. Ba4 O-O 7. Bg5 d5 8. exd5
cxd5 9. Bxe7 Qxe7 10. Nxd5 Qd6 11. c4 Bg4 12. Qb3 b6 13. h3 Bd7 14. Bxd7 Nxd7
15. d4 exd4 16. Rd1 Nc5 17. Qb5 Qe6+ 18. Kf1 d3 19. Nd4 Bxd4 20. Nc7 Qe2+ 21.
Kg1 Qxf2+ 22. Kh2 Be5# 0-1

[Event "Challenge"]
[Site "http://www.queenalice.com/game.php?id=1823632"]
[Date "2023.10.23"]
[Round "-"]
[White "iliov2008"]
[Black "dejami"]
[Result "0-1"]
[WhiteElo "1380"]
[BlackElo "1741"]

1. e3 e5 2. Nc3 c6 3. Nf3 Qf6 4. Ne4 Qe7 5. h4 h6 6. d4 d5 7. Nc5 e4 8. Ne5 Qf6
9. b4 b6 10. Na4 Bxb4+ 11. Bd2 Bd6 12. Qh5 Bxe5 13. Qxe5+ Qxe5 14. dxe5 Bg4 15.
Be2 Be6 16. f3 Bf5 17. f4 Ne7 18. Bb4 Nc8 19. Bd6 Nd7 20. Bh5 Nxd6 21. exd6 b5
22. Nc3 Nc5 23. a4 b4 24. g4 Bd7 25. Ne2 g6 26. Ng3 gxh5 27. Nxh5 O-O-O 28. f5
Rhg8 29. Nf6 Rg7 30. Rb1 a5 31. Rg1 Nb7 32. Nxd7 Rxd7 33. f6 Rg6 34. g5 hxg5 35.
Rxg5 Rxd6 36. Ke2 Rdxf6 37. Rd1 Rh6 38. Rg8+ Kc7 39. Rg4 Rf3 40. Rh1 Nd6 41. Rh2
Nc4 42. Rg7 Rhf6 43. h5 Rxe3+ 44. Kd1 Rf1# 0-1

[Event "Challenge"]
[Site "http://www.queenalice.com/game.php?id=1823633"]
[Date "2023.10.23"]
[Round "-"]
[White "dejami"]
[Black "iliov2008"]
[Result "0-1"]
[WhiteElo "1747"]
[BlackElo "1378"]

1. e4 e5 2. Bc4 d6 3. Qf3 Nf6 4. h3 Be6 5. Bb5+ c6 6. Bd3 d5 7. Nc3 Bb4 8. Nb1
dxe4 9. Bxe4 Bd5 10. Bxd5 cxd5 11. Qb3 a5 12. a3 Nc6 13. axb4 a4 14. Rxa4 Nd4
15. Rxa8 Qxa8 16. Qc3 Ke7 17. Na3 Ne4 18. Qc5+ Nxc5 19. bxc5 Rc8 20. b4 b6 21.
Nf3 bxc5 22. b5 Nxf3+ 23. gxf3 c4 24. c3 d4 25. O-O Qxf3 26. Kh2 dxc3 27. dxc3
Qe2 28. Kg1 g5 29. Bxg5+ f6 30. Bc1 Qf3 31. Kh2 Qxc3 32. b6 Qd3 33. Rg1 Qf3 34.
Rg2 Qd1 35. Be3 c3 36. b7 Rb8 37. Rg1 Qb3 38. Bc5+ Ke6 39. Rb1 Qa4 40. Rb4 Qa5
41. Rb5 Qc7 42. Rb6+ Kf5 43. Be3 Rxb7 44. Rxb7 Qxb7 45. Nc4 Qb4 46. Nxe5 fxe5
47. Kg3 c2 48. Kg2 Qe1 49. Kg3 c1=Q 50. Bxc1 Qg1+ 51. Kf3 e4+ 52. Ke2 Qxc1 0-1

[Event "Challenge"]
[Site "http://www.queenalice.com/game.php?id=1828130"]
[Date "2023.12.29"]
[Round "-"]
[White "PRZ"]
[Black "iliov2008"]
[Result "1-0"]
[WhiteElo "1494"]
[BlackElo "1408"]

1. c4 e5 2. Nc3 Bc5 3. e3 Nf6 4. e4 d6 5. h3 h5 6. d3 Bb4 7. Bd2 Bxc3 8. Bxc3
Nc6 9. Nf3 a5 10. Qa4 Bd7 11. Qd1 Be6 12. Ng5 a4 13. Nxe6 fxe6 14. f3 Na5 15. b4
Nc6 16. b5 Na5 17. g4 hxg4 18. fxg4 c6 19. Qb1 Qb6 20. Qd1 d5 21. Qxa4 cxb5 22.
cxb5 Qe3+ 23. Be2 b6 24. Bxe5 Rc8 25. Rd1 Rc1 26. Qd4 Qg5 27. Qxb6 Nd7 28. Qxa5
Nxe5 29. b6 Ke7 30. Qa7+ Kd6 31. b7 Nc6 32. Qa3+ Kc7 33. Rxc1 Kxb7 34. Rb1+ Kc7
35. Rf1 Qh4+ 36. Kd2 Qg5+ 37. Kd1 dxe4 38. dxe4 Rd8+ 39. Ke1 Qd2+ 40. Kf2 Nd4
41. Rfc1+ Nc6 42. Qa7+ Kd6 43. Rd1 Nxa7 44. Rxd2+ Kc7 45. Rxd8 Kxd8 46. a4 Nc6
47. Ra1 Kc7 48. a5 Kb7 49. a6+ Ka7 50. Bb5 Nd4 51. Bc4 Nc2 52. Ra5 Nd4 53. Rg5
Kb6 54. Ke3 Nc2+ 55. Kd2 Nd4 56. Ke3 Nc2+ 57. Kf4 Nd4 58. Rxg7 Kc5 59. Bf1 Kd6
60. e5+ Kd5 61. a7 Nc6 62. a8=Q Kc5 63. Rc7 1-0

[Event "Let's Play Chess!"]
[Site "http://www.queenalice.com/game.php?id=1830272"]
[Date "2024.1.26"]
[Round "-"]
[White "bahouais"]
[Black "iliov2008"]
[Result "1-0"]
[WhiteElo "2066"]
[BlackElo "1395"]

1. e4 e5 2. Nf3 d6 3. d4 Bg4 4. dxe5 dxe5 5. Qxd8+ Kxd8 6. Nxe5 Be6 7. Nc3 Bb4
8. Bd2 Bxc3 9. Bxc3 Nc6 10. Nxc6+ bxc6 11. Bxg7 Nf6 12. Bxf6+ Kd7 13. O-O-O+ Bd5
14. Bxh8 Rxh8 15. exd5 cxd5 16. Rxd5+ Kc6 17. Bc4 Rg8 18. g3 Rg4 19. b3 Re4 20.
Rhd1 Re6 21. Rf5 Re7 22. Rxf7 Re6 23. Bxe6 1-0

[Event "Challenge"]
[Site "http://www.queenalice.com/game.php?id=1830893"]
[Date "2024.2.4"]
[Round "-"]
[White "iliov2008"]
[Black "dejami"]
[Result "0-1"]
[WhiteElo "1366"]
[BlackElo "1691"]

1. e4 e5 2. Nc3 c6 3. Nf3 f6 4. a4 Nh6 5. d3 a5 6. Bxh6 gxh6 7. h4 Bb4 8. d4 d6
9. dxe5 dxe5 10. Qxd8+ Kxd8 11. O-O-O+ Ke7 12. Bc4 Be6 13. Bxe6 Kxe6 14. g4 Na6
15. g5 hxg5 16. hxg5 Raf8 17. g6 hxg6 18. Rxh8 Rxh8 19. b3 Bxc3 20. Rd3 Rh1+ 21.
Rd1 Rh3 22. Rd3 Bb4 23. c3 Bf8 24. Kc2 g5 25. c4 Nb4+ 26. Kd2 Nxd3 27. Ke3 Nb4
28. Ke2 Na2 29. Ke3 g4 30. c5 Bxc5+ 31. Ke2 Rxf3 32. Kf1 Rxf2+ 33. Ke1 Rf4 0-1

[Event "Challenge"]
[Site "http://www.queenalice.com/game.php?id=1832068"]
[Date "2024.2.22"]
[Round "-"]
[White "AdilsonGomes"]
[Black "iliov2008"]
[Result "1-0"]
[WhiteElo "1768"]
[BlackElo "1393"]

1. e4 e5 2. Nf3 d6 3. d4 Bg4 4. dxe5 dxe5 5. Qxd8+ Kxd8 6. Nxe5 Be6 7. Bd3 Bb4+
8. Nc3 Bxc3+ 9. bxc3 Nc6 10. Nxc6+ bxc6 11. O-O Nf6 12. Bb2 a5 13. Rfd1 Bg4 14.
Be2+ Kc8 15. Bxg4+ Kb7 16. Bf3 h5 17. e5 Ng4 18. Bxg4 hxg4 19. g3 Rae8 20. c4 f5
21. Re1 Rhf8 22. e6 g6 23. e7 Rf7 24. Ba3 Rh7 25. Re5 Kb6 26. Rb1+ Ka6 27. Re6
Rf7 28. Rxc6+ Ka7 29. Bc5+ Ka8 30. Ra6# 1-0

[Event "Challenge"]
[Site "http://www.queenalice.com/game.php?id=1832069"]
[Date "2024.2.22"]
[Round "-"]
[White "iliov2008"]
[Black "AdilsonGomes"]
[Result "0-1"]
[WhiteElo "1391"]
[BlackElo "1732"]

1. e4 d6 2. Bb5+ c6 3. Ba4 Na6 4. Nf3 b5 5. Bb3 Nc5 6. Nd4 Nxe4 7. Nxc6 Qb6 8.
Qf3 Ngf6 9. Bd5 Bg4 10. Qe3 Nxd5 11. Qxb6 Nxb6 12. h3 Bh5 13. g4 Bg6 14. d3 Nf6
15. g5 Nfd5 16. Nc3 Nxc3 17. bxc3 Nd5 18. Bb2 h6 19. gxh6 Rxh6 20. c4 bxc4 21.
dxc4 Nf4 22. h4 Bxc2 23. Rc1 Nd3+ 24. Kd2 Nxc1 25. Rxc1 Ba4 26. Rh1 Bxc6 27. Rh3
Rb8 28. Bd4 a5 29. Ba7 Rb2+ 30. Ke1 Rxa2 31. f4 Re6+ 32. Kd1 Ra1+ 33. Kd2 Re4
34. Kd3 a4 35. Bd4 Ra3+ 36. Bc3 Rb3 37. Rh2 Rxf4 38. h5 Rf3+ 39. Kd2 Rbxc3 40.
h6 gxh6 41. Re2 a3 42. Re1 Rxc4 43. Ra1 Bg7 44. Rb1 a2 45. Rb8+ Kd7 0-1

[Event "Challenge"]
[Site "http://www.queenalice.com/game.php?id=1832926"]
[Date "2024.3.7"]
[Round "-"]
[White "iliov2008"]
[Black "Leanne"]
[Result "0-1"]
[WhiteElo "1389"]
[BlackElo "1326"]

1. e4 e6 2. Nf3 d5 3. exd5 exd5 4. Nc3 c6 5. a4 Nf6 6. d3 Be7 7. h4 d4 8. Ne2 c5
9. Nf4 O-O 10. g3 Re8 11. c3 Bd6+ 12. Ne2 Bg4 13. Ng5 Bxe2 14. Bxe2 Nc6 15. Bf4
Bxf4 16. gxf4 dxc3 17. bxc3 Nd5 18. Qd2 Qc7 19. d4 Nxf4 20. d5 Rxe2+ 21. Kd1
Rxd2+ 22. Kxd2 Ne5 23. Rae1 Nc4+ 24. Kc2 Nxd5 25. Re4 b5 26. axb5 Na3+ 27. Kb2
Nxb5 28. c4 Nd4 29. Rd1 Qb6+ 30. Kc1 Rb8 31. Kd2 Qb4+ 32. Kd3 Qc3# 0-1